[Event "Hoogovens 5'"]
[Site "Wijk aan Zee"]
[Date "1999.01.18"]
[Round "13"]
[White "Kasparov, Garry"]
[Black "Van Wely, Loek"]
[Result "1/2-1/2"]
[WhiteElo "2812"]
[BlackElo "2636"]
[PlyCount "90"]
[EventDate "1999.01.18"]
[Source "ChessBase"]
[SourceDate "1999.03.01"]

1. e4 d5 2. exd5 Qxd5 3. Nc3 Qa5 4. d4 Nf6 5. Bd2 c6 6. Bd3 Bg4 7. Ne4 Bxd1 8. Nxf6+ exf6 9. Bxa5 Bh5 10. f4 Bd6 11. f5 g6 12. Kf2 gxf5 13. Re1+ Kf8 14. Bd2 Kg7 15. Nh3 Nd7 16. Bf4 Bf8 17. Bg3 Bg6 18. Nf4 Rd8 19. h4 h6 20. Rd1 Nb6 21. Be2 Bd6 22. h5 Bh7 23. c4 Rhe8 24. Rh4 Re4 25. b3 Rxd4 26. Rxd4 Bc5 27. Kf1 Bxd4 28. Be1 Be5 29. g3 Nd7 30. Bf2 Nf8 31. Be3 Ne6 32. Rh2 Bd4 33. Bxd4 Rxd4 34. Rf2 Ng5 35. Kg2 Ne4 36. Rf3 Rd2 37. a4 Nc5 38. Kf1 a5 39. Re3 Kf8 40. Ke1 Rb2 41. Bd1 Bg8 42. Re2 Rb1 43. Re3 Rb2 44. Re2 Rb1 45. Re3 Rb2 1/2-1/2

[Event "RUS-CHN match"]
[Site "Moscow"]
[Date "2004.08.14"]
[Round "4.1"]
[White "Ye Jiangchuan"]
[Black "Malakhov, Vladimir"]
[Result "1/2-1/2"]
[WhiteElo "2681"]
[BlackElo "2674"]
[PlyCount "38"]
[EventDate "2004.08.10"]
[Source "Roberto Alvarez"]
[SourceDate "2004.08.24"]

1. e4 d5 2. exd5 Qxd5 3. Nc3 Qa5 4. d4 Nf6 5. Bc4 c6 6. Nf3 Bf5 7. Bd2 e6 8. Nd5 Qd8 9. Nxf6+ Qxf6 10. Qe2 Bg4 11. O-O-O Nd7 12. d5 Bxf3 13. gxf3 cxd5 14. Bxd5 O-O-O 15. Bxb7+ Kxb7 16. Qe4+ Ka6 17. Qa4+ Kb7 18. Qe4+ Ka6 19. Qa4+ Kb7 1/2-1/2

[Event "RUS"]
[Site "?"]
[Date "2006.04.23"]
[Round "4"]
[White "Sutovsky Emil"]
[Black "Ivanchuk Vassily"]
[Result "1/2-1/2"]
[WhiteElo "2628"]
[BlackElo "2723"]
[PlyCount "43"]
[EventDate "2006.??.??"]
[Source "www.chesslib.no"]
[SourceDate "2004.05.04"]

1. e4 d5 2. exd5 Qxd5 3. Nc3 Qa5 4. d4 Nf6 5. Nf3 c6 6. Bc4 Bf5 7. Bd2 e6 8. Nd5 Qd8 9. Nxf6+ gxf6 10. O-O Nd7 11. Re1 Qc7 12. d5 cxd5 13. Bxd5 O-O-O 14. Be4 Bg6 15. Qe2 Bd6 16. Bc3 f5 17. Bd3 Rhg8 18. Ne5 Nxe5 19. Bxe5 f4 20. Bf6 Be7 21. Be5 Bd6 22. Bf6 1/2-1/2

[Event "II Campionato Italiano Lampo Online"]
[Site "playchess.com"]
[Date "2007.12.23"]
[Round "1.2"]
[White "Napoli, Nicolò"]
[Black "Sautto, Daniele"]
[Result "1-0"]
[WhiteElo "2787"]
[BlackElo "2563"]
[PlyCount "109"]
[EventDate "2007.12.23"]
[Source "www.chesslib.no"]
[SourceDate "2004.05.04"]

1. e4 d5 2. exd5 Qxd5 3. Nc3 Qd8 4. d4 Nf6 5. Nf3 c6 6. Bg5 Bf5 7. Ne5 e6 8. g4 Bg6 9. h4 Bb4 10. h5 Be4 11. f3 Bd5 12. h6 g6 13. Qd2 Be7 14. O-O-O O-O 15. Bg2 Nfd7 16. Bxe7 Qxe7 17. f4 f6 18. Nd3 Qd6 19. Nxd5 exd5 20. f5 g5 21. Rde1 Rf7 22. Re8+ Rf8 23. Re6 Qc7 24. Rhe1 Na6 25. Re7 Rf7 26. Qe2 Raf8 27. Qe6 Nab8 28. Nc5 Qd8 29. Nxb7 Qxe7 30. Qxe7 Rxe7 31. Rxe7 Rf7 32. Rxf7 Kxf7 33. c4 Nb6 34. cxd5 Nxd5 35. Nd8+ Ke7 36. Nxc6+ Nxc6 37. Bxd5 Nxd4 38. Bg8 Kf8 39. Bxh7 Nc6 40. Bg6 Ne5 41. Bh5 Kg8 42. Kd2 Kh7 43. b4 Kxh6 44. a4 Kg7 45. a5 Kf8 46. b5 Ke7 47. Kc3 Kd6 48. Kb4 Nd3+ 49. Ka4 Nf4 50. b6 axb6 51. a6 Kc6 52. Be8+ Kc7 53. Kb5 Kb8 54. Kxb6 Nd5+ 55. Kc6 1-0

[Event "Bydgoszcz m 20'"]
[Site "Bydgoszcz"]
[Date "2001.04.05"]
[Round "3"]
[White "Shirov, Alexei"]
[Black "Macieja, Bartlomiej"]
[Result "1-0"]
[WhiteElo "2722"]
[BlackElo "2608"]
[PlyCount "131"]
[EventDate "2001.05.05"]
[Source "ChessBase"]
[SourceDate "2001.07.05"]

1. e4 d5 2. exd5 Qxd5 3. Nc3 Qa5 4. d4 Nf6 5. Nf3 c6 6. Bc4 Bf5 7. Bd2 e6 8. Nd5 Qd8 9. Nxf6+ Qxf6 10. Qe2 Nd7 11. Bg5 Qg6 12. O-O-O Bg4 13. Be3 Qh5 14. h3 Bxf3 15. gxf3 Nb6 16. Bb3 O-O-O 17. Rdg1 h6 18. c3 g6 19. Bf4 Bd6 20. Bxe6+ fxe6 21. Qxe6+ Kc7 22. Qe7+ Kb8 23. Bxd6+ Ka8 24. Be5 Rhf8 25. Rg3 g5 26. Qe6 Rde8 27. Qg4 Qf7 28. b3 Nd5 29. f4 gxf4 30. Rd3 Rg8 31. Qf3 b5 32. Kb2 Kb7 33. Rc1 Rg6 34. Ka1 Reg8 35. Rdd1 Qf5 36. c4 bxc4 37. bxc4 Nb6 38. c5 Nd5 39. Rb1+ Ka8 40. Qb3 Qc8 41. a3 Rg2 42. Rb2 Rg1 43. Rxg1 Rxg1+ 44. Ka2 Rg8 45. a4 h5 46. Ka3 a5 47. Qf3 Qe8 48. Qd3 Nb4 49. Qh7 Rg1 50. Rxb4 axb4+ 51. Kxb4 f3 52. Kc3 Qd8 53. Kd3 Ra1 54. Ke3 Ra3+ 55. Kf4 Rxa4 56. Qxh5 Ra1 57. Qh6 Qe8 58. Kxf3 Qf7+ 59. Qf6 Ra3+ 60. Kf4 Qe8 61. h4 Kb7 62. Qg7+ Ka8 63. Kg5 Rf3 64. Qg6 Qd7 65. Qg8+ Kb7 66. Qb8+ 1-0

[Event "II Campionato Italiano Lampo Online - S"]
[Site "playchess.com"]
[Date "2007.12.23"]
[Round "1"]
[White "Vocaturo, Daniele"]
[Black "Sautto, Daniele"]
[Result "0-1"]
[WhiteElo "2626"]
[BlackElo "2701"]
[PlyCount "84"]
[EventDate "2007.12.23"]
[Source "www.chesslib.no"]
[SourceDate "2004.05.04"]

1. e4 d5 2. exd5 Qxd5 3. Nc3 Qe5+ 4. Be2 c6 5. Nf3 Qc7 6. d4 Bf5 7. Ne5 Nd7 8. Bf4 Nxe5 9. Bxe5 Qa5 10. O-O e6 11. a3 Nf6 12. Bf3 Qd8 13. Qe2 Be7 14. b4 O-O 15. Na4 Bd6 16. Rad1 Qe7 17. Nc5 Rab8 18. h3 Nd7 19. Bxd6 Qxd6 20. c4 b6 21. Ne4 Qc7 22. Ng3 Bg6 23. Rfe1 Rbd8 24. Rc1 Nf6 25. Red1 c5 26. dxc5 bxc5 27. b5 Rd4 28. Rxd4 cxd4 29. c5 Rd8 30. Qd2 e5 31. Bd1 e4 32. a4 e3 33. Qe1 Qe5 34. fxe3 dxe3 35. Nf1 Nd5 36. Bf3 Be4 37. Bxe4 Qxe4 38. c6 Qd4 39. Kh1 Qe4 40. Rd1 Re8 41. Qe2 Nf4 42. Qxe3 Qxg2# 0-1

[Event "Parnu-A"]
[Site "Parnu"]
[Date "1996.??.??"]
[Round "2"]
[White "Short, Nigel D"]
[Black "Oll, Lembit"]
[Result "1-0"]
[WhiteElo "2665"]
[BlackElo "2640"]
[PlyCount "63"]
[EventDate "1996.02.??"]
[Source "ChessBase"]

1. e4 d5 2. exd5 Qxd5 3. Nc3 Qa5 4. Be2 Nf6 5. Nf3 c6 6. h3 Bf5 7. O-O Nbd7 8. d4 e6 9. Nh4 Bg6 10. Nxg6 hxg6 11. Bf4 Rd8 12. a3 Nb6 13. Be5 Nbd5 14. Nxd5 exd5 15. b4 Qb6 16. c4 dxc4 17. Bxc4 Be7 18. Qc2 Kf8 19. Rae1 Nd5 20. Re2 Bf6 21. Rfe1 Kg8 22. Re4 Rh4 23. Bxd5 cxd5 24. Rxh4 Bxh4 25. Bc7 Rc8 26. Re8+ Rxe8 27. Bxb6 axb6 28. Kf1 Ra8 29. Qb3 Rd8 30. Ke2 Bf6 31. Kd3 Kf8 32. Qa4 1-0

[Event "Plovdiv"]
[Site "Plovdiv"]
[Date "2003.??.??"]
[Round "?"]
[White "Ponomariov, R."]
[Black "Papaioannou, I."]
[Result "1-0"]
[WhiteElo "2718"]
[BlackElo "2577"]
[PlyCount "89"]
[EventDate "2003.??.??"]
[Source "Chess Informant"]
[SourceDate "2003.10.01"]

1. e4 d5 2. exd5 Qxd5 3. Nc3 Qa5 4. d4 c6 5. Bc4 Bf5 6. Bd2 Nf6 7. Nf3 e6 8. Nd5 Qd8 9. Nxf6+ gxf6 10. Bb3 Nd7 11. Qe2 Qc7 12. Nh4 Bg6 13. O-O-O O-O-O 14. g3 Kb8 15. Ng2 Bd6 16. h4 h5 17. Nf4 Bf5 18. Nxh5 c5 19. g4 Rxh5 20. gxf5 Rxf5 21. Be3 cxd4 22. Bxd4 Bc5 23. Bxc5 Nxc5 24. Rxd8+ Qxd8 25. h5 Nxb3+ 26. axb3 Qd5 27. Qd1 Kc7 28. h6 Qxd1+ 29. Kxd1 Rd5+ 30. Ke2 Rd8 31. b4 a6 32. c4 Rh8 33. Ke3 Rh7 34. Kf4 Rh8 35. Rh3 Rg8 36. h7 Rh8 37. Ke4 Kd6 38. Kd4 Kc6 39. Rh6 Rd8+ 40. Kc3 Rh8 41. Rh5 Kd6 42. c5+ Kc6 43. Kc4 b6 44. cxb6 Kxb6 45. b5 1-0

[Event "Ubeda"]
[Site "?"]
[Date "1997.??.??"]
[Round "?"]
[White "Timman, J."]
[Black "Beliavsky, A."]
[Result "0-1"]
[WhiteElo "2630"]
[BlackElo "2665"]
[PlyCount "94"]
[EventDate "1997.??.??"]
[Source "ChessBase"]
[SourceDate "1997.02.01"]

1. e4 d5 2. exd5 Qxd5 3. Nc3 Qa5 4. d4 Nf6 5. Nf3 c6 6. Bd2 Bf5 7. Nh4 Bg4 8. Be2 Bxe2 9. Qxe2 Qa6 10. Qf3 e6 11. O-O-O Nbd7 12. Rhe1 O-O-O 13. Kb1 Nb6 14. Bg5 Bb4 15. a3 Bxc3 16. Qxc3 Rd5 17. Bc1 Rhd8 18. Nf3 Nc4 19. Ka2 Nd6 20. Qd3 Qxd3 21. Rxd3 Nf5 22. Ne5 Rf8 23. c3 Nd7 24. Nc4 b5 25. Na5 c5 26. g4 Ne7 27. Rh3 h6 28. dxc5 Nxc5 29. Be3 Kd7 30. Bd4 f6 31. f4 Ng6 32. Rf3 Rc8 33. Nb3 Nxb3 34. Kxb3 a6 35. Re4 Rc4 36. Re2 a5 37. h3 Ne7 38. Bf2 Nc6 39. Bg3 a4+ 40. Ka2 Na5 41. h4 Nb3 42. Rf1 h5 43. g5 Rd3 44. Bh2 f5 45. Bg1 Rxf4 46. Rfe1 Rxh4 47. Rxe6 Re4 0-1

[Event "Ter Apel"]
[Site "Ter Apel"]
[Date "1996.??.??"]
[Round "4"]
[White "Svidler, Peter"]
[Black "Oll, Lembit"]
[Result "1-0"]
[WhiteElo "2630"]
[BlackElo "2640"]
[PlyCount "47"]
[EventDate "1996.03.??"]
[Source "ChessBase"]

1. e4 d5 2. exd5 Qxd5 3. Nc3 Qa5 4. d4 Nf6 5. Nf3 c6 6. Bc4 Bf5 7. Bd2 e6 8. Ne4 Qd8 9. Ng3 Bg6 10. h4 Nh5 11. Qe2 Nd7 12. O-O-O Bd6 13. Ne5 Nxg3 14. fxg3 Bxe5 15. dxe5 h5 16. Bb4 Qb6 17. Qe1 Bf5 18. Rf1 g6 19. Qc3 Nc5 20. Rf4 Ne4 21. Qe1 Rh7 22. Ba5 Qc5 23. Bd3 Nxg3 24. Bb4 1-0

[Event "Camp. francese a squadre - Top 16 GpB"]
[Site "Chalons en Champagne FRA"]
[Date "2007.02.10"]
[Round "2"]
[White "Mamedyarov, S."]
[Black "Prie, E."]
[Result "1-0"]
[WhiteElo "2754"]
[BlackElo "2516"]
[PlyCount "113"]
[EventDate "2007.02.09"]
[Source "www.chesslib.no"]
[SourceDate "2004.05.04"]

1. e4 d5 2. exd5 Qxd5 3. Nc3 Qa5 4. Bc4 Nf6 5. d3 Bg4 6. f3 Bd7 7. Bd2 Qb6 8. Qe2 Nc6 9. O-O-O Nd4 10. Qe5 e6 11. Ne4 Nxe4 12. dxe4 Qc5 13. Qxc5 Bxc5 14. Bf4 O-O-O 15. c3 Nc6 16. b4 Be7 17. Ne2 Bf6 18. a4 a6 19. Bb3 h5 20. Kc2 h4 21. h3 Be8 22. Ra1 Rh5 23. Be3 e5 24. Rad1 Rxd1 25. Rxd1 Bg5 26. Bf2 Ne7 27. c4 Ng6 28. b5 Nf4 29. Nxf4 Bxf4 30. Kc3 Bg5 31. bxa6 bxa6 32. Kb4 Be7+ 33. c5 Rh6 34. Ka5 Rg6 35. Bc4 Rxg2 36. Bxa6+ Kb8 37. Rb1+ Ka8 38. Be3 c6 39. Bc8 Ra2 40. Rb4 Ra3 41. Bc1 Rc3 42. Bb2 Rxc5+ 43. Ka6 Bd8 44. Bb7+ Kb8 45. Bxc6+ Kc8 46. Bb7+ Kb8 47. Bc6+ Kc8 48. Bb5 Bc6 49. Rb3 Bb7+ 50. Ka7 Bc7 51. Bd7+ Kxd7 52. Kxb7 Rc4 53. Rd3+ Ke6 54. Rc3 Rb4+ 55. Kxc7 Rxb2 56. Rc6+ Ke7 57. a5 1-0

[Event "Prague Sachinfo playoff 6'-5'"]
[Site "Prague"]
[Date "1999.05.31"]
[Round "1"]
[White "Movsesian, Sergei"]
[Black "Rogers, Ian"]
[Result "1-0"]
[WhiteElo "2650"]
[BlackElo "2618"]
[PlyCount "109"]
[EventDate "1999.05.??"]
[Source "ChessBase"]
[SourceDate "1999.10.01"]

1. e4 d5 2. exd5 Qxd5 3. Nc3 Qa5 4. Bc4 Nf6 5. Nge2 Bg4 6. O-O e6 7. h3 Bh5 8. a3 c6 9. b4 Qc7 10. d3 Bd6 11. Bg5 Nbd7 12. Qd2 O-O 13. Nf4 Bg6 14. Rfe1 Nd5 15. Nxg6 hxg6 16. Ne4 N7f6 17. Bxd5 Nxd5 18. c4 Bf4 19. Qb2 Nb6 20. Bxf4 Qxf4 21. Nc5 Qc7 22. Re3 Nd7 23. Ne4 e5 24. c5 b6 25. Rc1 bxc5 26. Nxc5 Rae8 27. b5 cxb5 28. Ne6 Qxc1+ 29. Qxc1 Rxe6 30. d4 Nb6 31. Rxe5 Rd6 32. Rxb5 Rxd4 33. Qc7 Ra4 34. Qe7 Rc8 35. Kh2 Ra6 36. Qb7 Rxa3 37. Rxb6 axb6 38. Qxc8+ Kh7 39. Qb7 f6 40. Qxb6 Ra8 41. Qb1 Rd8 42. h4 Rd5 43. g4 Kh6 44. Kg3 f5 45. f3 fxg4 46. fxg4 Rc5 47. Qe1 Kh7 48. Qe4 Rc3+ 49. Kf2 Rb3 50. h5 Rb6 51. Kg3 Rf6 52. Kh4 Kg8 53. hxg6 Rf8 54. Kg5 Rd8 55. Qh1 1-0

[Event "Corr"]
[Site "?"]
[Date "1994.??.??"]
[Round "?"]
[White "Haessler Wolfgang"]
[Black "Kauppala Pekka"]
[Result "1-0"]
[WhiteElo "2650"]
[BlackElo "2615"]
[PlyCount "119"]
[EventDate "1994.??.??"]
[Source "www.chesslib.no"]
[SourceDate "2004.05.04"]

1. e4 d5 2. exd5 Qxd5 3. Nc3 Qa5 4. d4 Bf5 5. Nf3 Nd7 6. Bd2 Ngf6 7. Bc4 Qb6 8. Qe2 c6 9. O-O-O e6 10. Ne5 Qxd4 11. Nxd7 Nxd7 12. Be3 Qh4 13. g3 Qe7 14. g4 Bg6 15. h4 h6 16. Rd2 O-O-O 17. h5 Bh7 18. Rhd1 Qb4 19. Nb5 cxb5 20. Bxb5 Bc5 21. a3 Qa5 22. Bf4 e5 23. Bxd7+ Rxd7 24. Rxd7 exf4 25. R1d5 f6 26. Qe6 Kb8 27. Re7 Qb5 28. b4 Qa4 29. Rxc5 Qxa3+ 30. Kd1 Rd8+ 31. Rd7 Rxd7+ 32. Qxd7 Qf3+ 33. Kc1 Qa3+ 34. Kd2 Qxb4+ 35. Rc3 a5 36. Qc8+ Ka7 37. Qc5+ Qb6 38. Qxb6+ Kxb6 39. Rc8 a4 40. Rc4 a3 41. Ra4 Bg8 42. Rxa3 Be6 43. f3 Bd5 44. Ke2 Kc5 45. Ra4 Bc4+ 46. Kd2 Kb5 47. Ra8 Bd5 48. Ke2 Bc4+ 49. Ke1 Kb4 50. Rc8 Kc3 51. Rc7 b5 52. Kd1 Kb2 53. Rxg7 Bd5 54. Kd2 Bxf3 55. Rg6 Ka3 56. Rxh6 Bxg4 57. Rh7 f3 58. Ke3 f2 59. Kxf2 Bd1 60. c3 1-0

[Event "BL 0607 SV Mülheim Nord - OSC Baden Bad"]
[Site "Germania"]
[Date "2007.02.24"]
[Round "10.2"]
[White "Landa, Konstantin"]
[Black "Nisipeanu, Liviu-Dieter"]
[Result "1-0"]
[WhiteElo "2570"]
[BlackElo "2690"]
[PlyCount "217"]
[EventDate "2006.10.28"]
[Source "www.chesslib.no"]
[SourceDate "2004.05.04"]

1. e4 d5 2. exd5 Qxd5 3. Nc3 Qa5 4. d4 Nf6 5. Nf3 c6 6. Bc4 Bf5 7. Bd2 e6 8. Nd5 Qd8 9. Nxf6+ gxf6 10. Bb3 Nd7 11. Nh4 Bg6 12. Qf3 a5 13. a4 Qb6 14. Bc3 Bg7 15. O-O-O O-O-O 16. Kb1 Qa6 17. Nxg6 hxg6 18. h4 Nb6 19. h5 gxh5 20. Rxh5 Nd5 21. Bxd5 cxd5 22. Bd2 f5 23. Bg5 Rdg8 24. Rxh8 Bxh8 25. Qh5 Qd6 26. g3 e5 27. Bd2 exd4 28. Qxf5+ Qd7 29. Qxd7+ Kxd7 30. Bxa5 Kc6 31. Bb4 Be5 32. Rh1 Rg4 33. Rh4 Re4 34. Rxe4 dxe4 35. Kc1 f5 36. Kd2 Kd5 37. b3 Bf6 38. Ke2 Bg7 39. Bd2 Bf6 40. f3 Be5 41. fxe4+ Kxe4 42. Be1 f4 43. gxf4 Bxf4 44. Bb4 Be5 45. Bc5 Bc7 46. Be7 Be5 47. b4 Bf4 48. Bc5 Bc7 49. Be7 Bf4 50. Bd8 Bd6 51. b5 Bb4 52. Bb6 Bd6 53. Ba5 Bf4 54. Bd8 Bd6 55. Bb6 Bf4 56. a5 Kd5 57. Kd3 Be5 58. a6 bxa6 59. bxa6 Kc6 60. Bxd4 Bd6 61. Ke4 Bg3 62. Kf5 Bd6 63. Ke6 Bb4 64. Kf7 Bd6 65. Ke6 Bb4 66. Ke5 Bd6+ 67. Ke4 Bb4 68. Kd3 Bd6 69. c4 Bg3 70. Kc2 Bf4 71. Kb3 Bg3 72. Ka4 Bf4 73. Ba7 Bg3 74. Bd4 Bf4 75. Kb3 Bg3 76. Kc3 Bf4 77. Kd3 Bd6 78. Ke4 Bb4 79. Kf5 Bd6 80. Ke6 Bb4 81. Kf7 Bd6 82. Ke8 Kc7 83. Ba7 Bb4 84. Kf7 Bd6 85. Ke6 Kc6 86. Be3 Bb4 87. Ke5 Bd6+ 88. Ke4 Bb4 89. Kd3 Bd6 90. Kc3 Bg3 91. Kb3 Be5 92. Ka4 Bg3 93. Ba7 Bf4 94. Kb4 Bd2+ 95. Ka4 Bf4 96. c5 Bc7 97. Kb4 Bd8 98. Bb8 Be7 99. Bd6 Bg5 100. Bb8 Be7 101. Ba7 Bd8 102. Kc4 Bc7 103. Kb4 Bd8 104. Bb8 Be7 105. Bd6 Bg5 106. Kc4 Be3 107. a7 Kb7 108. c6+ Kxa7 109. Bc5+ 1-0

[Event "Campionato europeo 2007"]
[Site "Dresda GER"]
[Date "2007.04.12"]
[Round "9.8"]
[White "Khairullin, Ildar"]
[Black "Tiviakov, Sergei"]
[Result "1/2-1/2"]
[WhiteElo "2586"]
[BlackElo "2663"]
[PlyCount "43"]
[EventDate "2007.04.03"]
[Source "www.chesslib.no"]
[SourceDate "2004.05.04"]

1. e4 d5 2. exd5 Qxd5 3. Nc3 Qa5 4. d4 Nf6 5. Nf3 c6 6. Bc4 Bf5 7. Bd2 e6 8. Nd5 Qd8 9. Nxf6+ Qxf6 10. Bc3 Bg4 11. d5 Bxf3 12. gxf3 Qf4 13. Qe2 cxd5 14. Bxd5 Nc6 15. Be4 Rd8 16. Qc4 Qc7 17. Rd1 Rxd1+ 18. Kxd1 h5 19. h4 Rg8 20. Bh7 Rh8 21. Be4 Rg8 22. Bh7 1/2-1/2

[Event "EU-chT (Men)"]
[Site "Batumi"]
[Date "1999.11.30"]
[Round "2.1"]
[White "Fedorov, Alexei"]
[Black "Nisipeanu, Liviu Dieter"]
[Result "1/2-1/2"]
[WhiteElo "2659"]
[BlackElo "2584"]
[PlyCount "67"]
[EventDate "1999.11.06"]
[Source "ChessBase"]
[SourceDate "2000.02.01"]

1. e4 d5 2. exd5 Qxd5 3. Nc3 Qa5 4. d4 c6 5. Nf3 Nf6 6. Bc4 Bf5 7. Ne5 e6 8. g4 Bg6 9. h4 Nbd7 10. Nxd7 Nxd7 11. h5 Be4 12. O-O Bd5 13. Nxd5 cxd5 14. Bd3 Bd6 15. Bd2 Qd8 16. Kg2 Qh4 17. Rh1 Qf6 18. c3 Bf4 19. Qc1 Bxd2 20. Qxd2 O-O-O 21. f4 Qe7 22. Rae1 Qd6 23. Rh3 Kb8 24. Qf2 g6 25. Reh1 Nf6 26. hxg6 fxg6 27. g5 Nh5 28. Rh4 Rdf8 29. Rf1 Rf7 30. Be2 Ng7 31. Bg4 Nf5 32. Bxf5 Rxf5 33. Qe3 a6 34. Re1 1/2-1/2

[Event "Campionato europeo 2007"]
[Site "Dresda GER"]
[Date "2007.04.07"]
[Round "5.12"]
[White "Van den Doel, Erik"]
[Black "Tiviakov, Sergei"]
[Result "1/2-1/2"]
[WhiteElo "2580"]
[BlackElo "2663"]
[PlyCount "55"]
[EventDate "2007.04.03"]
[Source "www.chesslib.no"]
[SourceDate "2004.05.04"]

1. e4 d5 2. exd5 Qxd5 3. Nf3 Bg4 4. Be2 Nc6 5. Nc3 Qd7 6. h3 Bxf3 7. Bxf3 O-O-O 8. d3 e5 9. O-O Nd4 10. Re1 Bd6 11. Be3 f5 12. Bxd4 exd4 13. Bd5 Kb8 14. Qf3 c6 15. Be6 Qc7 16. Ne2 Ne7 17. c3 Be5 18. Bc4 c5 19. cxd4 cxd4 20. Ng3 g6 21. Nf1 Bd6 22. Nd2 Nc6 23. Rac1 Bb4 24. Qd1 Qf4 25. Rc2 Rhe8 26. Rxe8 Rxe8 27. Bb5 Bxd2 28. Rxd2 1/2-1/2

[Event "Bled (ol) 86/51"]
[Site "?"]
[Date "2002.??.??"]
[Round "?"]
[White "Kasimdzhanov, R."]
[Black "Papaioannou, I."]
[Result "1/2-1/2"]
[WhiteElo "2653"]
[BlackElo "2587"]
[PlyCount "77"]
[EventDate "2002.??.??"]
[Source "Chess Informant"]
[SourceDate "2002.10.01"]

1. e4 d5 2. exd5 Qxd5 3. Nc3 Qa5 4. d4 c6 5. Bc4 Bf5 6. Nf3 Nf6 7. Bd2 e6 8. Nd5 Qd8 9. Nxf6+ gxf6 10. Bb3 Nd7 11. Qe2 Qc7 12. Nh4 Bg6 13. O-O-O O-O-O 14. g3 Bd6 15. Nxg6 hxg6 16. h4 f5 17. Bg5 Rde8 18. h5 gxh5 19. Rxh5 Rhg8 20. Bh4 Kb8 21. Kb1 a6 22. c4 f4 23. c5 Be7 24. gxf4 Bxh4 25. Rxh4 Qd8 26. Rh6 Ka7 27. f5 exf5 28. Qf3 Rg5 29. Rh7 Nf6 30. Rxf7 Ne4 31. Rxf5 Rg1 32. Kc2 Rxd1 33. Qxd1 Rf8 34. Rxf8 Qxf8 35. f3 Ng5 36. Kc3 Nxf3 37. Qc1 Qe7 38. Bc2 Qe2 39. b4 1/2-1/2

[Event "Bled (ol) 86/49"]
[Site "?"]
[Date "2002.??.??"]
[Round "?"]
[White "Movsesian, S."]
[Black "Papaioannou, I."]
[Result "1-0"]
[WhiteElo "2651"]
[BlackElo "2587"]
[PlyCount "63"]
[EventDate "2002.??.??"]
[Source "Chess Informant"]
[SourceDate "2002.10.01"]

1. e4 d5 2. exd5 Qxd5 3. Nf3 Bg4 4. Be2 Nc6 5. d4 O-O-O 6. Be3 e5 7. c4 Qa5+ 8. Bd2 Bb4 9. d5 Bxf3 10. Bxf3 Nd4 11. Nc3 Qc5 12. Be2 Nf6 13. O-O c6 14. Bg5 Qa5 15. Bg4+ Kb8 16. Rc1 h5 17. Bh3 Ne6 18. Qe2 Nxg5 19. Qxe5+ Qc7 20. Qxg5 Bxc3 21. bxc3 cxd5 22. Qxg7 Ng4 23. g3 dxc4 24. Rb1 Ne5 25. Bg2 Nc6 26. Qf6 Rc8 27. Rb5 Rhe8 28. Rfb1 b6 29. h4 Re6 30. Qf3 Qe7 31. Rxh5 Rf6 32. Rf5 1-0

[Event "Deutschland"]
[Site "?"]
[Date "1993.??.??"]
[Round "?"]
[White "Rozentalis, E."]
[Black "Khalifman, A."]
[Result "1-0"]
[WhiteElo "2595"]
[BlackElo "2630"]
[PlyCount "105"]
[EventDate "1993.??.??"]
[Source "ChessBase"]
[SourceDate "1993.02.01"]

1. e4 d5 2. exd5 Qxd5 3. Nc3 Qa5 4. g3 Nf6 5. Bg2 c6 6. Nf3 Bg4 7. O-O e6 8. h3 Bxf3 9. Qxf3 Be7 10. a3 O-O 11. Rb1 Qc7 12. b4 a6 13. d3 Nbd7 14. Bf4 Bd6 15. Bd2 a5 16. Qe2 Be7 17. f4 Rfe8 18. g4 Bf8 19. Qf3 g6 20. Kh1 axb4 21. axb4 Bg7 22. b5 Rac8 23. bxc6 bxc6 24. Ne2 Qd6 25. Ng3 Qd5 26. Qf2 Qd6 27. f5 exf5 28. gxf5 c5 29. Bf4 Ne5 30. Bg5 Ned7 31. Rb7 Qd4 32. Ne4 Nxe4 33. Bxe4 Qxf2 34. Rxf2 Ne5 35. Bd5 Rb8 36. Ra7 Kh8 37. f6 Bf8 38. Bxf7 Nxf7 39. Rxf7 h6 40. Bd2 Re6 41. Bc3 c4 42. dxc4 Re3 43. Bd4 Rxh3+ 44. Kg2 Rh5 45. Rc7 Rg5+ 46. Kf1 Rg4 47. c3 Rb1+ 48. Ke2 Rg3 49. Rf3 Rg2+ 50. Kd3 Rd1+ 51. Ke4 Re1+ 52. Re3 Rf1 53. c5 1-0

[Event "CRO-Cup"]
[Site "Pula"]
[Date "1999.05.26"]
[Round "3"]
[White "Palac, Mladen"]
[Black "Tkachiev, Vladislav"]
[Result "1-0"]
[WhiteElo "2589"]
[BlackElo "2634"]
[PlyCount "46"]
[EventDate "1999.05.??"]
[Source "ChessBase"]
[SourceDate "1999.07.10"]

1. e4 d5 2. exd5 Qxd5 3. Nc3 Qa5 4. d4 Nf6 5. Bc4 Bg4 6. f3 Bh5 7. Nge2 Nc6 8. Bd2 O-O-O 9. a3 Nxd4 10. Nb5 Qb6 11. Nbxd4 e5 12. Nf5 e4 13. Neg3 Bc5 14. b4 Bg1 15. Qe2 exf3 16. Ne7+ Kb8 17. gxf3 Rxd2 18. Qxd2 Bxf3 19. Rd1 Bxd1 20. Kxd1 Be3 21. Qd3 Ng4 22. Ne4 Ne5 23. Qd5 Bf4 1-0

[Event "EU-ch 2nd"]
[Site "Ohrid"]
[Date "2001.06.05"]
[Round "5"]
[White "Movsesian, Sergei"]
[Black "Istratescu, Andrei"]
[Result "1/2-1/2"]
[WhiteElo "2661"]
[BlackElo "2561"]
[PlyCount "39"]
[EventDate "2001.06.01"]
[Source "ChessBase"]
[SourceDate "2001.09.13"]

1. e4 d5 2. exd5 Qxd5 3. Nc3 Qa5 4. d4 Nf6 5. Bc4 c6 6. Bd2 Bf5 7. Nf3 e6 8. Ne4 Qd8 9. Ng3 Bg4 10. c3 Nbd7 11. h3 Bxf3 12. Qxf3 Bd6 13. Ne2 Qc7 14. g4 Nd5 15. a4 a5 16. g5 N5b6 17. Bb3 c5 18. h4 c4 19. Bc2 Nd5 20. h5 1/2-1/2

[Event "ch-FRA"]
[Site "Aix-les-Bains FRA"]
[Date "2007.08.23"]
[Round "10"]
[White "Nataf, IA."]
[Black "Bauer, Ch"]
[Result "0-1"]
[WhiteElo "2588"]
[BlackElo "2626"]
[PlyCount "90"]
[EventDate "2007.08.13"]
[Source "www.chesslib.no"]
[SourceDate "2004.05.04"]

1. e4 d5 2. exd5 Qxd5 3. Nc3 Qa5 4. d4 Nf6 5. Bd2 Bg4 6. f3 Bf5 7. Bc4 Qb6 8. Qe2 Nc6 9. Na4 Qxd4 10. Bc3 Qh4+ 11. g3 Qg5 12. f4 Qh5 13. Nf3 Bg4 14. Rf1 O-O-O 15. Rd1 Rxd1+ 16. Kxd1 e6 17. Kc1 Be7 18. Bb5 Qd5 19. Bc4 Qh5 20. Bb5 Nb4 21. Be5 Nxa2+ 22. Kb1 Nb4 23. h3 Qxh3 24. Qf2 b6 25. Ng5 Qh5 26. Qg2 Nfd5 27. Bxg7 Rd8 28. Bc3 Kb8 29. Rc1 Bxg5 30. fxg5 Qxg5 31. Bd2 Qg6 32. Bc4 Bf5 33. Bb3 Nc6 34. Qf2 Nf6 35. Bf4 e5 36. Bxe5 Nxe5 37. Rf1 Ne4 38. Qxf5 Nd2+ 39. Ka2 Nxf1 40. Qxe5 Nxg3 41. Qe7 Qd6 42. Qxf7 Ne2 43. Qxh7 Nc1+ 44. Ka1 Qd1 45. Bc4 Nd3+ 0-1

[Event "EU-ch 2nd"]
[Site "Ohrid"]
[Date "2001.06.03"]
[Round "3"]
[White "Vallejo Pons, Francisco"]
[Black "Akopian, Vladimir"]
[Result "1/2-1/2"]
[WhiteElo "2559"]
[BlackElo "2654"]
[PlyCount "39"]
[EventDate "2001.06.01"]
[Source "ChessBase"]
[SourceDate "2001.09.13"]

1. e4 d5 2. exd5 Qxd5 3. Nc3 Qa5 4. d4 Nf6 5. Bc4 c6 6. Nf3 Bf5 7. Bd2 e6 8. Nd5 Qd8 9. Nxf6+ gxf6 10. Bf4 Nd7 11. O-O Nb6 12. Bb3 Nd5 13. Bg3 Bh6 14. Nh4 Bg6 15. c4 Nf4 16. d5 cxd5 17. Bxf4 Bxf4 18. cxd5 exd5 19. g3 Be5 20. Bxd5 1/2-1/2

[Event "USA-ch playoff"]
[Site "USA"]
[Date "1994.??.??"]
[Round "5"]
[White "Benjamin, Joel"]
[Black "Shabalov, Alexander"]
[Result "1-0"]
[WhiteElo "2610"]
[BlackElo "2600"]
[PlyCount "68"]
[EventDate "1994.10.??"]
[Source "ChessBase"]

1. e4 d5 2. exd5 Qxd5 3. Nc3 Qa5 4. Nf3 Nf6 5. g3 c6 6. Bg2 Bg4 7. O-O e6 8. h3 Bh5 9. d3 Nbd7 10. Ne2 Be7 11. Bd2 Qc7 12. b4 O-O 13. Rb1 Rad8 14. Nf4 Bg6 15. Re1 Rfe8 16. Qe2 Bf5 17. Nh4 g5 18. Nxf5 exf5 19. Ne6 fxe6 20. Qxe6+ Kg7 21. Qxf5 h6 22. Bc3 Nf8 23. Re3 Rd6 24. Rbe1 Kg8 25. h4 N6h7 26. Qe5 Nf6 27. hxg5 Bd8 28. Qf5 Rxe3 29. Rxe3 hxg5 30. Qxg5+ Qg7 31. Qf5 Rd7 32. Bh3 Rf7 33. Qc8 Bb6 34. Rf3 N6d7 1-0

[Event "Wijk aan Zee"]
[Site "?"]
[Date "1994.??.??"]
[Round "?"]
[White "Tiviakov, S."]
[Black "Hansen, Cu"]
[Result "1/2-1/2"]
[WhiteElo "2630"]
[BlackElo "2580"]
[PlyCount "33"]
[EventDate "1994.??.??"]
[Source "ChessBase"]
[SourceDate "1993.10.01"]

1. e4 d5 2. exd5 Qxd5 3. Nc3 Qa5 4. g3 Nf6 5. Bg2 c6 6. Nf3 Bg4 7. h3 Bxf3 8. Qxf3 e6 9. O-O Nbd7 10. a3 Be7 11. b3 O-O 12. Bb2 Rfd8 13. Nd1 b5 14. Ne3 Qc7 15. Qe2 Nb6 16. Rfd1 a5 17. c4 1/2-1/2